<?xml version="1.0" encoding="UTF-8"?>
<record
    xmlns:xsi="http://www.w3.org/2001/XMLSchema-instance"
    xsi:schemaLocation="http://www.loc.gov/MARC21/slim http://www.loc.gov/standards/marcxml/schema/MARC21slim.xsd"
    xmlns="http://www.loc.gov/MARC21/slim">

  <leader>02100nam a22002297a 4500</leader>
  <controlfield tag="005">20220329152552.0</controlfield>
  <controlfield tag="008">220328b           ||||| |||| 00| 0 eng d</controlfield>
  <datafield tag="020" ind1=" " ind2=" ">
    <subfield code="a">9781138489509</subfield>
  </datafield>
  <datafield tag="040" ind1=" " ind2=" ">
    <subfield code="c">AL</subfield>
  </datafield>
  <datafield tag="041" ind1=" " ind2=" ">
    <subfield code="a">eng</subfield>
  </datafield>
  <datafield tag="082" ind1=" " ind2=" ">
    <subfield code="2">23</subfield>
    <subfield code="a">658.3</subfield>
    <subfield code="b">TARI</subfield>
  </datafield>
  <datafield tag="100" ind1=" " ind2=" ">
    <subfield code="a">Ibraiz Tarique </subfield>
    <subfield code="9">26189</subfield>
  </datafield>
  <datafield tag="245" ind1=" " ind2=" ">
    <subfield code="a">International Human Resource Management</subfield>
    <subfield code="b">Policies and practices for multinational enterprises</subfield>
  </datafield>
  <datafield tag="250" ind1=" " ind2=" ">
    <subfield code="a">6th ed.</subfield>
  </datafield>
  <datafield tag="260" ind1=" " ind2=" ">
    <subfield code="a">Landon</subfield>
    <subfield code="b">Routledge Taylor and Francis group</subfield>
    <subfield code="c">2022</subfield>
  </datafield>
  <datafield tag="300" ind1=" " ind2=" ">
    <subfield code="a">xx,502p.</subfield>
    <subfield code="b">PB</subfield>
    <subfield code="c">24.5x17cm.</subfield>
  </datafield>
  <datafield tag="365" ind1=" " ind2=" ">
    <subfield code="2">General</subfield>
    <subfield code="a">6471</subfield>
    <subfield code="b">&#x20B9;5616.11</subfield>
    <subfield code="c">&#x20B9;</subfield>
    <subfield code="d">&#x20B9;7200.14</subfield>
    <subfield code="e">22%</subfield>
    <subfield code="f">12/03/2022</subfield>
  </datafield>
  <datafield tag="520" ind1=" " ind2=" ">
    <subfield code="a">The updated sixth edition of International Human Resource Management is an authoritative resource that focuses on international human resource management (IHRM) within multinational enterprises (MNEs). The book includes fifteen chapters with rich pedagogy students have come to expect and is organized into four sections.Strategic Context.National and Cultural Context.
Global Talent Management.Role and the Future of IHRM.Each chapter has been designed to lead readers through key topics in a highly engaging and approachable way with learning goals, relevant data, exhibits, figures, vignettes, end-of-chapter case studies, discussion questions, up-to-date content, and numerous references. The sixth edition includes discussions on evolving IHRM topics such as international experiences and adult third culture kids, expanded analyses on health and safety statistics and global workforce analytics, as well as updated and revised illustrations, cases, references, and instructor resources.Uncovering precisely why IHRM is essential for success in international business and how IHRM policies and practices function within the multinational enterprise, this comprehensive textbook provides an excellent foundation for understanding the theory and practice of IHRM. It is essential reading for all students, instructors, and IHRM professionals.</subfield>
  </datafield>
  <datafield tag="650" ind1=" " ind2=" ">
    <subfield code="2">Executive Management</subfield>
    <subfield code="a">Management</subfield>
    <subfield code="9">26510</subfield>
  </datafield>
  <datafield tag="700" ind1=" " ind2=" ">
    <subfield code="a">Briscoe, Dennis R; Schuler,  Randall S</subfield>
    <subfield code="9">26190</subfield>
  </datafield>
  <datafield tag="942" ind1=" " ind2=" ">
    <subfield code="2">ddc</subfield>
    <subfield code="c">BK</subfield>
  </datafield>
  <datafield tag="999" ind1=" " ind2=" ">
    <subfield code="c">222048</subfield>
    <subfield code="d">222048</subfield>
  </datafield>
  <datafield tag="952" ind1=" " ind2=" ">
    <subfield code="0">0</subfield>
    <subfield code="1">0</subfield>
    <subfield code="2">ddc</subfield>
    <subfield code="4">0</subfield>
    <subfield code="7">0</subfield>
    <subfield code="8">MCOMFA</subfield>
    <subfield code="a">SACPG</subfield>
    <subfield code="b">SACPG</subfield>
    <subfield code="d">2022-03-14</subfield>
    <subfield code="e">Biblios Book Point</subfield>
    <subfield code="g">5616.11</subfield>
    <subfield code="l">1</subfield>
    <subfield code="o">658.3 TARI</subfield>
    <subfield code="p">PG023899</subfield>
    <subfield code="r">2026-02-25 15:19:01</subfield>
    <subfield code="s">2026-02-24</subfield>
    <subfield code="v">7200.14</subfield>
    <subfield code="w">2022-12-03</subfield>
    <subfield code="y">BK</subfield>
  </datafield>
</record>
